| 000 | 00334nam a2200133Ia 4500 | ||
|---|---|---|---|
| 005 | 20260326235448.0 | ||
| 008 | 260326s9999||||xx |||||||||||||| ||und|| | ||
| 100 | _aWhite, Christopher | ||
| 245 | 4 |
_aThe Drawings of RemBrandt / _cChristopher White |
|
| 260 | _bThe British Museum | ||
| 300 | _a52 p. | ||
| 650 | _aPINTORES | ||
| 942 | _cBK | ||
| 999 |
_c7643 _d7643 |
||